Entry Nombre personal
001 - NÚMERO DE CONTROL
- campo de control: 179484
003 - IDENTIFICADOR DE NÚMERO DE CONTROL
- campo de control: SpMaBN
005 - FECHA Y HORA DE LA ÚLTIMA TRANSACCIÓN
- campo de control: 20250730064446.0
008 - ELEMENTOS DE DATO DE LONGITUD-FIJA
- campo de control de longitud fija: 901120nn aijnnaabn n aaa
016 ## - NÚMERO DE CONTROL DE UNA AGENCIA BIBLIOGRÁFICA NACIONAL
- Número de control del registro: BNE19900336046
024 7# - IDENTIFICADOR DE OTROS ESTÁNDARES
- Número estándar o código: http://viaf.org/viaf/66486115/
- Fuente: viaf
024 7# - IDENTIFICADOR DE OTROS ESTÁNDARES
- Número estándar o código: https://isni.org/isni/0000000109103020
- Fuente: isni
024 7# - IDENTIFICADOR DE OTROS ESTÁNDARES
- Número estándar o código: http://www.wikidata.org/entity/Q5477282
- Fuente: wikidata
040 ## - FUENTE DE CATALOGACIÓN
- Centro catalogador/agencia de origen: SpMaBN
- Lengua de catalogación: spa
- Centro/agencia transcriptor: SpMaBN
- Normas de descripción: rdc
- Convención/Normas de encabezamiento de materia/tesauro: embne
046 ## - FECHAS CON CODIFICACIÓN ESPECIAL
- Fecha de nacimiento: 1924
- Fecha de la muerte: 2012
100 1# - ENCABEZAMIENTO-NOMBRE DE PERSONA
- Nombre de persona: Mörner, Magnus,
- Fechas asociadas al nombre: 1924-2012
370 ## - LUGAR ASOCIADO
- Lugar de nacimiento: Suecia
- Número de control del registro de autoridad o número normalizado: XX451376
- Fuente de información: Wikidata
374 ## - OCUPACIÓN
- Ocupación: Historiadores
- Fuente de información: Wikidata
375 ## - GÉNERO/SEXO
- Género: Masculino
377 ## - IDIOMA ASOCIADO
- Término de lengua/lenguaje: Sueco
670 ## - FUENTE DE DATOS ENCONTRADOS
- Cita de la fuente: Adventurers and proletarians, 1985
670 ## - FUENTE DE DATOS ENCONTRADOS
- Cita de la fuente: Name authorities, 1977-1982
- Información encontrada: (Mörner, Magnus)
670 ## - FUENTE DE DATOS ENCONTRADOS
- Cita de la fuente: WWW Wikipedia, 13-06-2017
- Información encontrada: (Magnus Mörner, 31 de marzo de 1924-12 de abril de 2012, historiador e hispanista sueco)
